LEADER 01153nam a2200253 i 4500 001 000000357803 003 CaOOAMICUS 005 20240402141918.0 008 240402s2023 it u000 u ita u 020 $a978-88-7367-320-0 040 $aSeMil$bita 100 1 $aDi Napoli, Giovanni,$d<1957- >.$0(OLS)http://semarc/name/6696 245 10$aSolennità di Maria, Madre di Dio :$bstoria e teologia /$cGiovanni Di Napoli. 264 1$aRoma :$bCLV, Centro liturgico vincenziano,$c2023. 300 $a277 p. ;$c24 cm 490 1 $aBibliotheca Ephemerides Liturgicae. Subsidia ;$v211 650 4$aMadonna - Liturgia.$0(OLS)http://semarc/subject/53974 830 0$aBibliotheca Ephemerides Liturgicae. Subsidia ;$v211.$0(OLS)http://semarc/title/38 850 $aSeMil 852 $aSeMil$W1$xVenegono$y1$m3KA A 211$j247280$B248974$CSeMilBibl$Z2$F248974 $81 996 $6020$a978-88-7367-320-0$9(OLS)http://semarc/number/300112 996 $6245$aSolennità di Maria, Madre di Dio :$bstoria e teologia$9(OLS)http://semarc/title/448088 996 $6264$aRoma :$bCLV, Centro liturgico vincenziano$9(OLS)http://semarc/publisher/59402 LEADER 01169nam a2200277 i 4500 001 000000082205 003 CaOOAMICUS 005 20180730000000.0 008 180730s2001 it u000 u ita u 013 $a54445 020 $a88-8281-052-6 040 $aSeMil$bita 100 1 $aValsesia, Teresio <1941- >.$0(OLS)http://semarc/name/91887 245 13$aIl Lago Maggiore, Locarno e le sue valli /$cTeresio Valsesia, Ely Riva ; prefazione di Marco Balerna. 260 $aLocarno :$bDadò,$c2001. 300 $a182 p. :$bill. ;$c28 cm. 650 4$aLago Maggiore.$0(OLS)http://semarc/subject/8495 650 4$aLocarno.$0(OLS)http://semarc/subject/10282 700 1 $aBalerna, Marco.$0(OLS)http://semarc/name/91889 700 1 $aRiva, Ely <1945- >.$0(OLS)http://semarc/name/91888 850 $aSeMil 852 $aSeMil$W1$xVenegono$y1$m4Y VI 191$j210077$B224148$CSeMilBibl$Z2$F224148 $81 961 $aOmaggio: Giacomoni Silvia 996 $6020$a88-8281-052-6$9(OLS)http://semarc/number/271348 996 $6245$aIl Lago Maggiore, Locarno e le sue valli$9(OLS)http://semarc/title/405001 996 $6260$aLocarno :$bDadò$9(OLS)http://semarc/publisher/32530